Історія України (Запис № 425545)

МАРК-запис
000 -LEADER
fixed length control field 00710nam a22002537a 4500
001 - CONTROL NUMBER
control field 45433
003 - CONTROL NUMBER IDENTIFIER
control field UA-OsUOA
005 - DATE AND TIME OF LATEST TRANSACTION
control field 20210514110701.0
007 - PHYSICAL DESCRIPTION FIXED FIELD--GENERAL INFORMATION
fixed length control field ta
008 - FIXED-LENGTH DATA ELEMENTS--GENERAL INFORMATION
fixed length control field 20111011b un ||||| |||| 00| 0 ukr d
040 ## - CATALOGING SOURCE
Original cataloging agency UA-OsUOA
Language of cataloging ukr
Transcribing agency UA-OsUOA
Modifying agency UA-OsUOA
041 ## - LANGUAGE CODE
Language code of text/sound track or separate title ukr
080 ## - UNIVERSAL DECIMAL CLASSIFICATION NUMBER
Universal Decimal Classification number 09.-94(477).
090 ## - LOCALLY ASSIGNED LC-TYPE CALL NUMBER (OCLC); LOCAL CALL NUMBER (OCLC)
Classification number (OCLC) (R) ; Classification number, CALL (RLIN) (NR) 09.-94(477).
Local cutter number (OCLC) ; Book number/undivided call number, CALL (RLIN) А82
100 ## - MAIN ENTRY--PERSONAL NAME
Personal name Аркас М.
245 ## - TITLE STATEMENT
Title Історія України
260 ## - PUBLICATION, DISTRIBUTION, ETC. (IMPRINT)
Place of publication, distribution, etc Буенос-Айрес
Date of publication, distribution, etc 1947
300 ## - PHYSICAL DESCRIPTION
Extent 584 с.
650 #7 - SUBJECT ADDED ENTRY--TOPICAL TERM
Topical term or geographic name as entry element 0 Загальний відділ.
Source of heading or term UDC
942 ## - ADDED ENTRY ELEMENTS (KOHA)
Koha item type Книги
Source of classification or shelving scheme Universal Decimal Classification
955 ## - COPY-LEVEL INFORMATION (RLIN)
Classification number, CCAL (RLIN) Навчальні видання
Фонди
Withdrawn status Lost status Source of classification or shelving scheme Damaged status Not for loan Home library Current library Date acquired Source of acquisition Cost, normal purchase price Inventory number Total Checkouts Full call number Barcode Date last seen Price effective from Koha item type
    Universal Decimal Classification     Наукова бібліотека ІДУД Наукова бібліотека ІДУД 11/10/2011 240/2010 1.00 2132190   09.-94(477). А82 2132190 14/09/2019 11/10/2011 Книги
    Universal Decimal Classification     Наукова бібліотека ІДУД Наукова бібліотека ІДУД 11/06/2007 18/2006 1.00 2126946   94(477) А82 2126946 15/09/2019 11/06/2007 Книги